000 00360nam a2200145Ia 4500
008 230917s9999||||xx |||||||||||||| ||und||
040 _e195657
_aMAIN
041 _aEnglish
082 _a006.74 H749X
100 _aHolzner, Steven
245 0 _aXML: A beginner's guide
260 _aNew Delhi
_bTata McGraw-Hill
_c2009
300 _axx, 436 p.
942 _cBK
999 _c157944
_d157944